000 01633nam a22002417a 4500
999 _c22203
_d22203
003 AR-CdUCM
008 190425b ||||| |||| 00| 0 spa d
040 _aMUNICIPALIDAD PROVINCIAL DEL CUSCO
_cBIBLIOTECA MUNICIPAL DEL CUSCO
082 _aBurrito/N°59/2014
245 _aEl burrito cienciano :
_bpublicación a nivel nacional /
_cHugo Chacón Núñez, Director y fundador
260 _aCusco.
_aLima.
_bESCOMES,
_c2014.
300 _a42 páginas. :
_bilustraciones ;
_c29 cm.
440 _aEl Burrito Cienciano.
_nN°59, enero-mayo 2014.
_947637
505 _aContenido: Canto a Quiñones palabras del TTG FAP Mario Muñiz Ortega en la reunión de la brigada ocho en el Club Social Miraflores. -- La chia y sus bondades. -- El mundo andino en la infancia niñez y juventud de Mario Vargas Llosa. -- Machu Pikchu Munay Llaqta. -- Siete ciencianos en la presidencia de la república. -- El Cusco en nuestro tiempo. -- Los cinemas y teatros. -- Picanterías y teterías. -- Las quintas y recreos. -- El transporte urbano. -- Los colegios. -- El futbol en Cusco. -- Los mercados. -- Medios de comunicación. -- Cultura y folklore. -- Aviones y buses. -- Campos deportivos. -- Ciencias crisol de clases sociales. -- Nomenclatura de las calles del sector nor- oeste de la ciudad. -- Arguedas el Cusco y los cusqueños. -- Los cuatro grandes de la literatura peruana.
650 _aSociedad cusqueña
_947493
650 _aColegios del Cusco
_924467
650 _aColegio Ciencias
_947633
650 _aSiglo XX
_947561
700 _aMarín, Lida
_947628
700 _aChacón Málaga, Hugo
_947630
942 _2ddc
_cPP
945 _arac